Library Logo

Pioneer International University Library Catalogue

Web-based network management : (Record no. 4337)

MARC details
000 -LEADER
fixed length control field 00559cam a22001814a 4500
005 - DATE AND TIME OF LATEST TRANSACTION
control field 20250901165447.0
008 - FIXED-LENGTH DATA ELEMENTS--GENERAL INFORMATION
fixed length control field 990127s1999 nyua b 001 0 eng
010 ## - LIBRARY OF CONGRESS CONTROL NUMBER
LC control number 99018066
020 ## - INTERNATIONAL STANDARD BOOK NUMBER
International Standard Book Number 0471327395 (acidfree paper)
050 00 - LIBRARY OF CONGRESS CALL NUMBER
Classification number HD9696.2.A2 .H37 1999
Item number H37 1999
082 00 - DEWEY DECIMAL CLASSIFICATION NUMBER
Classification number 658/.0546
Edition information 21
100 1# - MAIN ENTRY--PERSONAL NAME
Personal name Harler, Curt,
Dates associated with a name 1950-
245 10 - TITLE STATEMENT
Title Web-based network management :
Remainder of title beyond the browser /
Statement of responsibility, etc. Curt Harler.
260 ## - PUBLICATION, DISTRIBUTION, ETC.
Place of publication, distribution, etc. New York :
Name of publisher, distributor, etc. Wiley,
Date of publication, distribution, etc. c1999.
300 ## - PHYSICAL DESCRIPTION
Extent xi, 244 p. :
Other physical details ill. ;
Dimensions 24 cm.
500 ## - GENERAL NOTE
General note "Wiley Computer Publishing."
942 ## - ADDED ENTRY ELEMENTS (KOHA)
Source of classification or shelving scheme Library of Congress Classification
Holdings
Withdrawn status Lost status Source of classification or shelving scheme Damaged status Not for loan Home library Current library Shelving location Date acquired Total checkouts Full call number Barcode Date last seen Price effective from Koha item type
    Library of Congress Classification     Main Library Main Library   04/06/2021   HD9696.2.A2 .H37 1999 PIU0000444 04/06/2021 04/06/2021 Books